Войводата Цеко Петков (Запис номер 188502)
[ съкратено ]
| 000 -Лидер | |
|---|---|
| Контролно поле с фиксирана дължина | 01640nam a2200385 c 4500 |
| 001 - Контролен номер на записа | |
| Контролно поле | 188502 |
| 003 - Код на организацията, давaща контролен номер | |
| Контролно поле | BLK |
| 005 - Дата и час на последна редакция | |
| Контролно поле | 20240726150843.0 |
| 008 - Елементи от данни с фиксирана дължина | |
| fixed length control field | 180411b bul|||||r ||||||| ||bul|| |
| 010 ## - Наследен системен номер | |
| LC control number | KNG00197520000 |
| 040 ## - Източник на каталожния запис | |
| Идентификатор на билиотеката - собственик на записа | BLK |
| 041 ## - Код за език | |
| Код за езика на текст/звукозапис или на отделно заглавие | Български |
| Код за езика КДБФ | Български |
| 080 ## - УДК | |
| Текстов определител УДК | Националноосвободителното движение в България (1856-1877) |
| УДК код - определител по УДК | 94(497.2)"1856/1877" |
| УДК определител | (092) |
| УДК - код + определител | 94(497.2)"1856/1877"(092) |
| 080 ## - УДК | |
| Текстов определител УДК | Български революционер, войвода, участник в Първата и Втората легии |
| УДК код - определител по УДК | 929 Петков, Цеко |
| УДК - код + определител | 929 Петков, Цеко |
| 100 1# - Редна дума - Автор | |
| Автор | Кузманов, Петър |
| Авторска отговорност | първи автор |
| R(LIN) | 268670 |
| 139 ## - Редно поле | |
| Редна дума | Кузманов, Петър |
| Авторски знак | Петко - П 44 |
| 245 10 - Сведения за заглавието | |
| Заглавие | Войводата Цеко Петков |
| Подзаглавни данни | Биогр. |
| Редно поле (дума) | Петър Кузманов. |
| 257 ## - Страна на издаване | |
| Страна на създаване/издаване | България |
| 260 ## - Област на издателските данни | |
| Име на издателя, разпространителя и проч. | Воен. изд. |
| Година на издаване | 1989 |
| 300 ## - Физическа характеристика | |
| Страници | 188 с. |
| Размери/Мащаб | 21 см |
| 380 ## - Жанр | |
| Жанр | История |
| 500 ## - Общи забележки | |
| Забележка | 5 140 тир. |
| 520 ## - Забележка за наличие на резюме, анотация и т.н | |
| Анотация, рецензия, сканиран текст | Сведения за връзките на Цеко Петков с Панайот Хитов, Филип Тотю и Любен Каравелов. |
| 600 14 - Име на лице, използвано като предмет | |
| За него / За нея | Петков, Цеко |
| 9 (RLIN) | 344592 |
| 650 #4 - Допълнително описание по предмет – тема | |
| Основно описание – тема или топоним | Националноосвободително движение - България - дейци |
| 9 (RLIN) | 243361 |
| 653 ## - Ключова дума – ненормативна | |
| 9 (RLIN) | 199316 |
| Ключова дума | Филип Тотю |
| 852 ## - Местоположение | |
| Форматна сигнатура | Цб 157850 |
| Фондова буква | Хранилище |
| 856 4# - Електронен адрес и достъп | |
| Електронен формат | pdf - файл |
| 856 4# - Електронен адрес и достъп | |
| Електронен формат | pdf - файл |
| 942 ## - АРТИКУЛИ | |
| Вид на библиотечния материал | Книги |
| Скрит в OPAC | Не |
| Koha issues (borrowed), all copies | 2 |
| 944 ## - СЪЗДАВАНЕ И РЕДАКЦИЯ на ЗАПИСА | |
| Създаване/Редакция | Създаване |
| Дата на регистрацията/редакция | 06.12.2016 |
| Служител, извършил регистрацията/редакцията | 30549 |
| Статус, дата на статуса | Вася Ганчева |
| 944 ## - СЪЗДАВАНЕ И РЕДАКЦИЯ на ЗАПИСА | |
| Създаване/Редакция | Редакция |
| Дата на регистрацията/редакция | 06.12.2016 |
| Служител, извършил регистрацията/редакцията | Кети_Илиева |
| 999 ## - СИСТЕМНИ КОНТРОЛНИ НОМЕРА | |
| Koha biblionumber | 188502 |
| Koha biblioitemnumber | 188502 |
| 999 ## - СИСТЕМНИ КОНТРОЛНИ НОМЕРА | |
| Koha biblioitemnumber | 188502 |
| 999 ## - СИСТЕМНИ КОНТРОЛНИ НОМЕРА | |
| Koha biblioitemnumber | 188502 |
| Код за отписване | Код за изгубен артикул | Източник на класификационната схема | Код за повреда | Коз за рестрикции | Код за отдаване | Артикулен № | Име на библиотеката - собственик | Име на библиотеката, в която се намира в момента | Статус (Текущо местоположение) | Дата на вписване в системата | Местоположение - отдел | Цена в лева | Инвентарен номер | Систематично азбучна сигнатура | Баркод | Номер на екземпляра | Цена в евро | Служебна бележка | Служебен тип на артикула |
|---|---|---|---|---|---|---|---|---|---|---|---|---|---|---|---|---|---|---|---|
| Не е изгубен | Universal Decimal Classification | Не е повреден | без рестрикции | ползва се в читалня | 330879 | Регионална библиотека "Любен Каравелов" Русе | Регионална библиотека "Любен Каравелов" Русе | Хранилище | 1989-01-01 | Хранилище | 1.85 | 517046 | Цб 157850 | 120000517046 | 1 | 0.95 | Вид: Сф Дата: 01.01.1989 | Книги | |
| Не е изгубен | Universal Decimal Classification | Не е повреден | без рестрикции | заемане за дома | 330880 | Регионална библиотека "Любен Каравелов" Русе | Регионална библиотека "Любен Каравелов" Русе | Заемна - подръчен фонд | 1989-01-01 | Заемна - подръчен фонд | 1.85 | 517602 | П 94(497.2)"1856/1877"(092)/П 44 | 120000517602 | 2 | 0.95 | Вид: Сф Дата: 01.01.1989 Дата инв: 08.02.2018 Бележки инв: П2018 | Книги | |
| Изтеглен | Не е изгубен | Universal Decimal Classification | Не е повреден | без рестрикции | заемане за дома | 330881 | Регионална библиотека "Любен Каравелов" Русе | Регионална библиотека "Любен Каравелов" Русе | Заемна - подръчен фонд | 1989-01-01 | Заемна - подръчен фонд | 1.85 | 517604 | П 949.72.042(092)/П 44 | 517604 | 3 | 0.95 | Вид: Сф Дата: 01.01.1989 | Книги |